| 000 | 01024nam a2200301 i 4500 | ||
|---|---|---|---|
| 003 | EG-GICUC | ||
| 005 | 20260225093243.0 | ||
| 008 | 260225s1921 -uk fr|||| 000 0 eng d | ||
| 040 |
_aEG-GiCUC _beng _cEG-GiCUC _dEG-GiCUC _erda |
||
| 041 | 0 | _aeng | |
| 082 | 0 | 4 |
_221 _a341.71 _bCH . S |
| 092 | 0 | 4 | _221 |
| 099 | _aLaw1 11 341.9 MU . P 1921 | ||
| 100 | 1 |
_aMurray, Gilbert _eAuthor. |
|
| 245 | 1 | 4 |
_aThe Problem Of Foreign Policy : _bA Consideration Of Present Dangers And The Best Methods For Meeting Them / _cBy Gilbert Murray. |
| 264 | 1 |
_aLondon : _bGeorge Allen & Unwin, _c1921. |
|
| 300 |
_a123 pages, _c20 cm |
||
| 336 |
_2rda content _atext |
||
| 337 |
_2rda media _aComputer |
||
| 338 |
_2rda carrier _aOnline Resource |
||
| 504 | _a | ||
| 546 | _aText in English | ||
| 590 | _aإهداء مكتبة الأستاذ الدكتور صلاح عامر | ||
| 650 | 1 | 4 | _a Private international law |
| 856 | 4 | 0 | _uhttps://fll.law.cu.edu.eg/fulltext/bks/B11-08204.pdf |
| 905 | _a48 | ||
| 942 |
_2ddc _cBK _e21 _n0 |
||
| 999 |
_c64160 _d64160 |
||